Normal view
MARC view
- Khan, Asad Mansoor
Entry Personal Name
001 - CONTROL NUMBER
- control field: 123200
003 - CONTROL NUMBER IDENTIFIER
- control field: NUST
005 - DATE AND TIME OF LATEST TRANSACTION
- control field: 20240604152536.0
008 - FIXED-LENGTH DATA ELEMENTS
- fixed length control field: 240604|| aca||aabn | a|a d
040 ## - CATALOGING SOURCE
- Original cataloging agency: NUST
- Transcribing agency: NUST
100 ## - HEADING--PERSONAL NAME
- Personal name: Khan, Asad Mansoor
670 ## - SOURCE DATA FOUND
- Source citation: Work cat.: (NUST): Khan, Asad Mansoor, A Unified Classification Framework Employing Region-of-Interest Localisation for Respiratory Conditions through a Combination of Chest X-Rays and Associated Data/
